[Event "FIDE World Uni Blitz-B 1st"]
[Site "Tornelo INT"]
[Date "2021.03.13"]
[Round "5.50"]
[White "Sudharsan, Krishnan"]
[Black "Mitsui, Ryoya"]
[Result "1/2-1/2"]
[WhiteElo "1288"]
[BlackElo "1841"]
[PlyCount "91"]
[EventDate "2021.03.13"]
[EventType "swiss (blitz)"]
[EventRounds "10"]
[EventCountry "NET"]
[SourceTitle "EXT 2022"]
[Source "ChessBase"]
[SourceDate "2021.10.06"]
[SourceVersion "1"]
[SourceVersionDate "2021.10.06"]
[SourceQuality "1"]

1. e4 c5 2. Nc3 Nc6 3. Bb5 e6 4. f4 Nge7 5. Nf3 d5 6. Bxc6+ Nxc6 7. d3 Be7 8. 0-0 Rb8 9. Qe1 0-0 10. Ne5 Qc7 11. Nxc6 Qxc6 12. exd5 Qb6 13. Be3 Qd8 14. dxe6 Bxe6 15. f5 Bd7 16. Qg3 b6 17. Nd5 f6 18. Bh6 Rf7 19. Bf4 Rc8 20. Rae1 Bf8 21. Bd6 Bc6 22. Bxf8 Bxd5 23. Bd6 Qd7 24. Re3 Re8 25. Rfe1 Rxe3 26. Rxe3 h6 27. Bf4 Kh8 28. Qe1 Bc6 29. Re8+ Kh7 30. Re6 Qd5 31. Re2 Qd7 32. g4 Qd5 33. Qg3 Qh1+ 34. Kf2 Qd5 35. Qh4 Qd4+ 36. Be3 Qd6 37. Qh5 Qd5 38. Qg6+ Kg8 39. Ke1 Qh1+ 40. Kd2 Qd5 41. c4 Qd7 42. Bf4 Bf3 43. Re3 Bc6 44. Qh5 Re7 45. Rxe7 Qxe7 46. Qg6 1/2-1/2

[Event "Tokyo op"]
[Site "Tokyo"]
[Date "2018.10.08"]
[Round "5"]
[White "Mitsui, Ryoya"]
[Black "Voronin, Andrey"]
[Result "0-1"]
[WhiteElo "1777"]
[BlackElo "1871"]
[PlyCount "60"]
[EventDate "2018.10.06"]
[EventType "swiss"]
[EventRounds "6"]
[EventCountry "JPN"]
[SourceTitle "CBM 187 Extra"]
[Source "ChessBase"]
[SourceDate "2018.11.04"]
[SourceVersion "1"]
[SourceVersionDate "2018.11.04"]
[SourceQuality "1"]

1. e4 e5 2. Nf3 Nf6 3. Nxe5 d6 4. Nf3 Nxe4 5. Nc3 Nxc3 6. dxc3 Nc6 7. Be3 Bg4 8. Be2 Qd7 9. Qd2 Ne5 10. 0-0-0 Nxf3 11. gxf3 Be6 12. Qd4 a6 13. Kb1 f6 14. c4 Qc6 15. Qe4 Kf7 16. Qh4 g6 17. Bd4 Bg7 18. b3 b5 19. cxb5 axb5 20. Bb2 Bf5 21. Bd3 Bxd3 22. Rxd3 Rhe8 23. Rhd1 Re2 24. Rc3 Qb6 25. Rcd3 Qxf2 26. Qh3 Rxc2 27. Qd7+ Kf8 28. Bc3 Rxc3 29. Rxc3 Qxa2+ 30. Kc1 Bh6+ 0-1